Габровци се смеят (Запис номер 468278)
[ съкратено ]
| 000 -Лидер | |
|---|---|
| Контролно поле с фиксирана дължина | nam a22 a 4500 |
| 003 - Код на организацията, давaща контролен номер | |
| Контролно поле | BLK |
| 005 - Дата и час на последна редакция | |
| Контролно поле | 20220727104141.0 |
| 008 - Елементи от данни с фиксирана дължина | |
| fixed length control field | 220621b bu |||||r|||| 00| | bu d |
| 040 ## - Източник на каталожния запис | |
| Идентификатор на билиотеката - собственик на записа | BLK |
| 041 ## - Код за език | |
| Код за езика на текст/звукозапис или на отделно заглавие | Български |
| Код за езика КДБФ | Български |
| 080 ## - УДК | |
| Текстов определител УДК | Българска литература |
| УДК код - определител по УДК | 821.163.2 |
| УДК определител | -7 |
| УДК - код + определител | 821.163.2-7 |
| 139 ## - Редно поле | |
| Редна дума | Габровци се смеят |
| 245 ## - Сведения за заглавието | |
| Заглавие | Габровци се смеят |
| Подзаглавни данни | Хуморист. разкази, фейлетони, басни, епиграми, афоризми, карикатури и габров. вицове и анекдоти |
| Редно поле (дума) | Състав. Йордан Хаджиев |
| 260 ## - Област на издателските данни | |
| 9 (RLIN) | 210463 |
| Място на издаване, разпространение и проч. | София |
| Име на издателя, разпространителя и проч. | НС на ОФ |
| Година на издаване | 1972 |
| 300 ## - Физическа характеристика | |
| Страници | 96 с. |
| Илюстрации и др. | с ил. |
| Размери/Мащаб | 20 см |
| 380 ## - Жанр | |
| Жанр | Худож. лит. |
| 500 ## - Общи забележки | |
| Забележка | Други авт. : Боян Бижев, Иван Врачев, Стефан Димитров, Матю Камбуров, Иван Младенов, Мойсей Мойсеев, Емил Розин, Севда Русева, Йордан Хаджиев, Цанков<br/>Изд. на ГНС. Кабинет на лит. работник - Габрово<br/>5 000 тир |
| 700 ## - Други автори (авторска отговорност) | |
| 9 (RLIN) | 1478 |
| Лично име | Хаджиев, Йордан |
| Автороска отговорност (Описва отношението между автора и произведението) | състав. |
| 700 ## - Други автори (авторска отговорност) | |
| 9 (RLIN) | 277676 |
| Лично име | Спиридонов, Симеон Димитров |
| Автороска отговорност (Описва отношението между автора и произведението) | худож. |
| 852 ## - Местоположение | |
| Форматна сигнатура | Цб 49934 |
| Фондова буква | Хранилище |
| 999 ## - СИСТЕМНИ КОНТРОЛНИ НОМЕРА | |
| Koha biblionumber | 468278 |
| Koha biblioitemnumber | 468278 |
| 942 ## - АРТИКУЛИ | |
| Вид на библиотечния материал | Книги |
| Скрит в OPAC | Не |
| Периодичен библиозапис | Да |
| 944 ## - СЪЗДАВАНЕ И РЕДАКЦИЯ на ЗАПИСА | |
| Създаване/Редакция | Създаване |
| Дата на регистрацията/редакция | 2022-06-21 |
| Служител, извършил регистрацията/редакцията | ВП |
| 999 ## - СИСТЕМНИ КОНТРОЛНИ НОМЕРА | |
| Koha biblioitemnumber | 462472 |
| Код за отписване | Код за изгубен артикул | Източник на класификационната схема | Код за повреда | Коз за рестрикции | Код за отдаване | Артикулен № | Име на библиотеката - собственик | Име на библиотеката, в която се намира в момента | Статус (Текущо местоположение) | Дата на вписване в системата | Местоположение - отдел | Цена в лева | Инвентарен номер | Систематично азбучна сигнатура | Баркод | Цена в евро | Служебен тип на артикула |
|---|---|---|---|---|---|---|---|---|---|---|---|---|---|---|---|---|---|
| Не е изгубен | Universal Decimal Classification | Не е повреден | само за читалня | ползва се в читалня | 897746 | Регионална библиотека "Любен Каравелов" Русе | Регионална библиотека "Любен Каравелов" Русе | Хранилище | 2022-07-28 | Хранилище | 0.33 | 118377 | Цб 63567 | 120000118377 | 0.17 | Книги |